Catálogo
 En Linea

50 anos de urbanização : (Registro nro. 37134)

Detalles MARC
000 -CABECERA
campo de control de longitud fija 00561nam a2200169 a 4500
001 - NÚMERO DE CONTROL
campo de control 000037644
005 - FECHA Y HORA DE LA ÚLTIMA TRANSACCIÓN
campo de control 20201002031110.0
008 - DATOS DE LONGITUD FIJA--INFORMACIÓN GENERAL
campo de control de longitud fija 121023s2005 bl a 000 0 spa d
020 ## - NÚMERO INTERNACIONAL ESTÁNDAR DEL LIBRO
Número Internacional Estándar del Libro 8589309118
040 ## - FUENTE DE LA CATALOGACIÓN
Centro catalogador/agencia de origen DO-SdBNP
Lengua de catalogación spa
Centro/agencia transcriptor BNPHU
100 1# - ENTRADA PRINCIPAL--NOMBRE DE PERSONA
Nombre de persona Sampaio, Consuelo Novais.
9 (RLIN) 64118
245 10 - MENCIÓN DE TÍTULO
Título 50 anos de urbanização :
Resto del título Salvador da Bahia no século XIX /
Mención de responsabilidad, etc. Consuelo Novais Sampaio.
246 10 - FORMA VARIANTE DE TÍTULO
Título propio/Titulo breve Cinqüenta anos de urbanizaçáo
260 ## - PUBLICACIÓN, DISTRIBUCIÓN, ETC.
Lugar de publicación, distribución, etc. Rio de Janeiro :
Nombre del editor, distribuidor, etc. Odebrecht,
Fecha de publicación, distribución, etc. 2005.
300 ## - DESCRIPCIÓN FÍSICA
Extensión 294 p. :
Otras características físicas il. ;
Dimensiones 32 cm.
504 ## - NOTA DE BIBLIOGRAFÍA, ETC.
Nota de bibliografía, etc. Bibliografía : p. 288-294
Existencias
Estado de retiro Estado de pérdida Restricciones de uso No para préstamo Código de colección Localización permanente Ubicación/localización actual Ubicación en estantería Fecha de adquisición Número de inventario Total de préstamos Signatura topográfica completa Código de barras Fecha visto por última vez Precio válido a partir de Tipo de ítem Koha Número de copia
      Excluido de préstamo Monografías: Libros y Folletos General General En catalogación 23.10.2012 LF1   37644-10 25.06.2020 25.06.2020 No se presta  
      Excluido de préstamo Monografías: Libros y Folletos General General En catalogación 23.10.2012 LF1   37644-20 25.06.2020 25.06.2020 No se presta e. 2

Con tecnología Koha